00357nam a2200157Ia 45000010006000000050017000060080041000230410008000640820018000721000022000902450034001122600009001463000028001556500008001836540008001911800320260306171558.0260306s9999||||xx |||||||||||||| ||und|| aESP a658.3112bP89 aPuchol, LuiseAUT 0aEl libro del curriculum vitae c2004 a141 páginas :c21 cm. aGEN aCAN